000 01459cam a2200361 a 4500
999 _c10571
_d10571
001 15209716
003 GZU
005 20220607150404.0
008 080307s2009 maua b 001 0 eng
010 _a 2008009854
020 _a9780073382371 (alk. paper)
020 _a007338237X (alk. paper)
035 _a(OCoLC)213222983
_z(OCoLC)192082871
035 _a(OCoLC)ocn213222983
040 _aDLC
_cDLC
_dBTCTA
_dBAKER
_dYDXCP
_dC#P
_dBWX
_dDLC
050 0 0 _aHG4521
_b.BOD 2009
100 1 _aBodie, Zvi.
_eauthor
245 1 0 _aInvestments /
_cZvi Bodie, Alex Kane, Alan J. Marcus.
250 _a8th edition.
260 _aBoston :
_bMcGraw-Hill/Irwin,
_cc2009.
300 _a1 v. (various pagings) :
_billustrations. (some col.) ;
_c27 cm.
440 4 _aThe McGraw-Hill/Irwin series in finance, insurance and real estate
504 _aIncludes bibliographical references and indexes.
650 0 _aInvestments.
650 0 _aPortfolio management.
700 1 _aKane, Alex,
_d1942-
_eauthor
700 1 _aMarcus, Alan J.
_eauthor
856 4 1 _3Table of contents only
_uhttp://www.loc.gov/catdir/toc/ecip0812/2008009854.html
856 4 2 _3Contributor biographical information
_uhttp://www.loc.gov/catdir/enhancements/fy0829/2008009854-b.html
906 _a7
_bcbc
_corignew
_d1
_eecip
_f20
_gy-gencatlg
942 _2lcc
_cBK
_e8th edition
_h4521
_iBOD
_kHG